MARC

Tag First Indicator Second Indicator Subfields
LEADER 00000cam a2200000 i 4500
001 in00004134839
005 20211120103619.0
006 m o d f
007 cr gn|||||||||
008 191210s2019 dcua ob f000 0 eng c
024 8 |a 37-797  |q (GPO jacket number) 
035 |a (OCoLC)on1130238425 
042 |a pcc 
043 |a n-us--- 
040 |a GPO  |b eng  |e rda  |e pn  |c GPO  |d GPO  |d OCLCF  |d GPO  |d MvI 
049 |a WWW 
050 4 |a KF26  |b .S6 2019i 
074 |a 1049-M (online) 
086 0 |a Y 4.SM 1/2:S.HRG.116-85 
110 1 |a United States.  |b Congress.  |b Senate.  |b Committee on Small Business and Entrepreneurship,  |e author. 
245 1 0 |a Reauthorization of the SBA's innovation programs :  |b hearing before the Committee on Small Business and Entrepreneurship, United States Senate, One Hundred Sixteenth Congress, first session, May 15, 2019. 
246 3 |a Reauthorization of the Small Business Administration's innovation programs 
264 1 |a Washington :  |b U.S. Government Publishing Office,  |c 2019. 
300 |a 1 online resource (iv, 138 pages) :  |b illustrations. 
336 |a text  |b txt  |2 rdacontent 
337 |a computer  |b c  |2 rdamedia 
338 |a online resource  |b cr  |2 rdacarrier 
490 1 |a S. hrg. ;  |v 116-85 
500 |a Access ID (govinfo): CHRG-116shrg37797. 
504 |a Includes bibliographical references. 
511 0 |a Hearing witnesses: Mr. Joseph Shepard, Associate Administrator, Office of Investment and Innovation, U.S. Small Business Administration, Washington, DC; Mr. John Williams, Director of Innovation and Technology, Office of Investment and Innovation, U.S. Small Business Administration, Washington, DC; Mr. Stephen Ezell, Vice President, Global Innovation Policy, Information Technology and Innovation Foundation, Washington, DC; Mr. Jere W. Glover, Executive Director, Small Business Technology Council, Annapolis, MD; Dr. Sridhar Kota, Founder, FlexSys, Ann Arbor, MI; Dr. Stephen L. Hoffman, Founder, Sanaria Inc., Rockville, MD. 
518 |a Date of hearing: 2019-05-15. 
588 |a Description based on online resource; title from PDF title page (govinfo, viewed Dec. 10, 2019). 
610 1 0 |a United States.  |b Small Business Administration.  |b Small Business Innovation Research Program  |x Customer services. 
610 2 0 |a Small Business Technology Transfer Program (U.S.)  |x Customer services. 
650 0 |a Federal aid to small business  |z United States. 
650 0 |a Research and development contracts, Government  |z United States. 
650 0 |a Technological innovations  |x Government policy  |z United States. 
650 0 |a Small business  |z United States  |x Growth  |x Government policy. 
610 2 7 |a Small Business Technology Transfer Program (U.S.)  |2 fast  |0 (OCoLC)fst00731512 
610 1 7 |a United States.  |b Small Business Administration.  |b Small Business Innovation Research Program.  |2 fast  |0 (OCoLC)fst00592454 
650 7 |a Customer services.  |2 fast  |0 (OCoLC)fst00885545 
650 7 |a Federal aid to small business.  |2 fast  |0 (OCoLC)fst00922285 
650 7 |a Research and development contracts, Government.  |2 fast  |0 (OCoLC)fst01095266 
650 7 |a Small business  |x Growth  |x Government policy.  |2 fast  |0 (OCoLC)fst01121291 
650 7 |a Technological innovations  |x Government policy.  |2 fast  |0 (OCoLC)fst01145026 
651 7 |a United States.  |2 fast  |0 (OCoLC)fst01204155 
655 7 |a Legislative hearings.  |2 fast  |0 (OCoLC)fst01910825 
655 7 |a Legislative hearings.  |2 lcgft 
776 0 8 |i Print version:  |a United States. Congress. Senate. Committee on Small Business and Entrepreneurship.  |t Reauthorization of the SBA's innovation programs  |w (OCoLC)1130590313 
776 0 8 |i Microfiche version:  |a United States. Congress. Senate. Committee on Small Business and Entrepreneurship.  |t Reauthorization of the SBA's innovation programs  |w (OCoLC)1201258805 
810 1 |a United States.  |b Congress.  |b Senate.  |t S. hrg. ;  |v 116-85. 
856 4 0 |u https://purl.fdlp.gov/GPO/gpo129550  |t 0 
999 f f |s 2f6cb77c-f297-3990-8822-e85ad932c691  |i 3547fa07-3ae9-3dcb-b1b1-fca4108ec492  |t 0 
952 f f |a Texas A&M University  |b College Station  |c Electronic Resources  |d Available Online  |t 0  |e Y 4.SM 1/2:S.HRG.116-85  |h Superintendent of Documents classification 
998 f f |a Y 4.SM 1/2:S.HRG.116-85  |t 0  |l Available Online